| 000 | 01383cam a2200361 a 4500 | ||
|---|---|---|---|
| 001 | 12738291 | ||
| 003 | NUST | ||
| 005 | 20220510143920.0 | ||
| 008 | 020412s2002 nyu 000 1 eng | ||
| 010 | _a 2002068368 | ||
| 020 | _a0399149155 (alk. paper) | ||
| 038 | _aArshad | ||
| 040 |
_aDLC _cDLC _dDLC |
||
| 043 | _an-us-ca | ||
| 050 | 0 | 0 |
_aPS3557.R13 _bQ15 2002 |
| 082 | 0 | 0 |
_a813.54 _bGRA |
| 100 | 1 |
_aGrafton, Sue. _914047 |
|
| 245 | 1 | 0 |
_a"Q" is for quarry / _cSue Grafton. |
| 260 |
_aNew York : _bPutnam's, _c2002. |
||
| 300 |
_a385 p. ; _c24 cm. |
||
| 500 | _a"A Marian Wood book." | ||
| 563 | _aPBK | ||
| 650 | 0 |
_aMillhone, Kinsey (Fictitious character) _vFiction. _991461 |
|
| 650 | 0 |
_aWomen private investigators _zCalifornia _vFiction. _991462 |
|
| 651 | 0 |
_aCalifornia _vFiction. _912139 |
|
| 655 | 7 |
_aMystery fiction. _2gsafd |
|
| 856 | 4 | 2 |
_3Contributor biographical information _uhttp://www.loc.gov/catdir/enhancements/fy0716/2002068368-b.html |
| 856 | 4 | 2 |
_3Publisher description _uhttp://www.loc.gov/catdir/enhancements/fy0716/2002068368-d.html |
| 856 | 4 | 1 |
_3Sample text _uhttp://www.loc.gov/catdir/enhancements/fy0716/2002068368-s.html |
| 906 |
_a7 _bcbc _corignew _d1 _eocip _f20 _gy-gencatlg |
||
| 942 |
_2ddc _cBK |
||
| 999 |
_c589591 _d589591 |
||